Statistics for UFC Heavyweight Champions

Click here to take the quiz!

General Stats

  • This quiz has been taken 21 times
  • The average score is 12 of 22

Answer Stats

DateEventReign (total)NationalityAnswer% Correct
Jul 7, 2018UFC 226407 days๐Ÿ‡บ๐Ÿ‡ธDaniel Cormier
89%
Mar 27, 2021UFC 260310 days๐Ÿ‡จ๐Ÿ‡ฒFrancis Ngannou
89%
Aug 17, 2019UFC 241589 days๐Ÿ‡บ๐Ÿ‡ธStipe Miocic
83%
May 14, 2016UFC 198785 days๐Ÿ‡บ๐Ÿ‡ธStipe Miocic
83%
Nov 15, 2008UFC 91707 days๐Ÿ‡บ๐Ÿ‡ธBrock Lesnar
78%
Oct 23, 2010UFC 121385 days๐Ÿ‡บ๐Ÿ‡ธCain Velasquez
67%
Dec 29, 2012UFC 155896 days๐Ÿ‡บ๐Ÿ‡ธCain Velasquez
67%
Nov 12, 2011UFC on Fox:____413 days๐Ÿ‡ง๐Ÿ‡ทJunior dos Santos
61%
Jun 13, 2015UFC 188336 days๐Ÿ‡ง๐Ÿ‡ทFabrรญcio Werdum
56%
Dec 21, 1997UFC Japan? (stripped of title)๐Ÿ‡บ๐Ÿ‡ธRandy Couture
56%
Nov 17, 2000UFC 28490 days๐Ÿ‡บ๐Ÿ‡ธRandy Couture
56%
Mar 3, 2007UFC 68623 days๐Ÿ‡บ๐Ÿ‡ธRandy Couture
56%
Aug 12, 2005-246 days๐Ÿ‡ง๐Ÿ‡พAndrei Arlovski
50%
Jun 19, 2004UFC 48419 days (title stripped)๐Ÿ‡บ๐Ÿ‡ธFrank Mir
50%
Apr 15, 2006UFC 59322 days๐Ÿ‡บ๐Ÿ‡ธTim Sylvia
44%
Feb 28, 2003UFC 41229 days (title stripped)๐Ÿ‡บ๐Ÿ‡ธTim Sylvia
44%
May 7, 1999UFC 20? (title vacated)๐Ÿ‡ณ๐Ÿ‡ฑBas Rutten
39%
Feb 7, 1997UFC 12170 days๐Ÿ‡บ๐Ÿ‡ธMark Coleman
39%
Nov 19, 1999UFC 23364 days ๐Ÿ‡บ๐Ÿ‡ธKevin Randleman
33%
Jul 27, 1997UFC 14147 days๐Ÿ‡บ๐Ÿ‡ธMaurice Smith
28%
Mar 22, 2002UFC 36126 days (title stripped)๐Ÿ‡บ๐Ÿ‡ธJosh Barnett
17%
Sep 27, 2002UFC 39154 days๐Ÿ‡บ๐Ÿ‡ธRicco Rodriguez
6%

Score Distribution

Percentile by Number Answered

Percent of People with Each Score

Your Score History

You have not taken this quiz